| 000 | 00404nam a2200157Ia 4500 | ||
|---|---|---|---|
| 008 | 131103s9999 xx 000 0 und d | ||
| 040 | _aLoreto College | ||
| 041 | _aEnglish | ||
| 082 |
_aREF/L _bLCBED/392 |
||
| 245 | 2 | _aA Keepsake of beautiful thoughts in prose and poetry | |
| 260 |
_aU.S.A. _bIdeals _c[19?] |
||
| 300 |
_a63p. _b ill. _c 25cm. |
||
| 650 | _aREF | ||
| 850 | _aLCBED/REF | ||
| 942 | _cBK | ||
| 999 |
_c34146 _d84625 |
||